Výkon sociálnej práce

Aké sú podmienky na výkon sociálnej práce, čo je súčasťou odbornej sopôsobilosti na sociálnu prácu. O novom zákone o sociálnej práci (č. 219/2014 Z.z.).

Uložené v:
Podrobná bibliografia
Hlavný autor: Slaninková, Katarína
Médium: Kapitola
Jazyk:Slovak
Predmet:
Tagy: Pridať tag
Žiadne tagy, Buďte prvý, kto otaguje tento záznam!

MARC

LEADER 00000naa a2200000 4500
001 0194861
005 20231120134416.7
041 0 |a slo 
044 |a SK 
245 1 0 |a Výkon sociálnej práce  |c Katarína Slaninková 
520 |a Aké sú podmienky na výkon sociálnej práce, čo je súčasťou odbornej sopôsobilosti na sociálnu prácu. O novom zákone o sociálnej práci (č. 219/2014 Z.z.). 
610 2 0 |a práca sociálna 
610 2 0 |a úpravy právne 
100 1 |a Slaninková, Katarína